[Event "Russian Blitz Team Championship (w)"]
[Site "Sochi"]
[Date "2022.10.17"]
[Round "10.8"]
[White "Kovanova, Baira"]
[Black "Ivanova, Tatiana"]
[Result "1-0"]
[BlackElo "2027"]
[WhiteElo "2217"]
[LiveChessVersion "1.4.8"]

1. e4 {[%clk 0:03:03]} d5 {[%clk 0:03:02]} 2. exd5 {[%clk 0:03:03]} Nf6
{[%clk 0:03:03]} 3. d4 {[%clk 0:03:04]} Nxd5 {[%clk 0:03:03]} 4. Nf3
{[%clk 0:03:05]} g6 {[%clk 0:02:57]} 5. c4 {[%clk 0:03:03]} Nb6 {[%clk 0:02:57]}
6. h3 {[%clk 0:03:04]} Bg7 {[%clk 0:02:58]} 7. Nc3 {[%clk 0:03:01]} O-O
{[%clk 0:02:55]} 8. Be2 {[%clk 0:03:02]} c6 {[%clk 0:02:49]} 9. O-O
{[%clk 0:03:01]} N8d7 {[%clk 0:02:41]} 10. Bf4 {[%clk 0:02:59]} Re8
{[%clk 0:02:36]} 11. Re1 {[%clk 0:02:30]} Nf6 {[%clk 0:02:26]} 12. Qd2
{[%clk 0:02:22]} Bf5 {[%clk 0:02:17]} 13. Bf1 {[%clk 0:02:06]} a5
{[%clk 0:01:59]} 14. Rad1 {[%clk 0:01:56]} a4 {[%clk 0:01:54]} 15. Ne5
{[%clk 0:01:24]} h5 {[%clk 0:01:00]} 16. d5 {[%clk 0:01:10]} cxd5
{[%clk 0:00:56]} 17. cxd5 {[%clk 0:01:11]} Nc8 {[%clk 0:00:34]} 18. Bb5
{[%clk 0:01:02]} Rf8 {[%clk 0:00:35]} 19. Bxa4 {[%clk 0:00:48]} Nd6
{[%clk 0:00:36]} 20. Bc2 {[%clk 0:00:44]} Bxc2 {[%clk 0:00:32]} 21. Qxc2
{[%clk 0:00:45]} Qa5 {[%clk 0:00:16]} 22. Nf3 {[%clk 0:00:43]} Rfe8
{[%clk 0:00:09]} 23. a3 {[%clk 0:00:40]} Rac8 {[%clk 0:00:10]} 24. Qd2
{[%clk 0:00:37]} Qb6 {[%clk 0:00:09]} 25. Bxd6 {[%clk 0:00:34]} Qxd6
{[%clk 0:00:09]} 26. Ne5 {[%clk 0:00:32]} Nd7 {[%clk 0:00:08]} 27. Nxd7
{[%clk 0:00:30]} Qxd7 {[%clk 0:00:09]} 28. Ne4 {[%clk 0:00:29]} Qa4
{[%clk 0:00:06]} 29. Qe2 {[%clk 0:00:12]} Rc2 {[%clk 0:00:05]} 30. Rd2
{[%clk 0:00:12]} Rxd2 {[%clk 0:00:05]} 31. Qxd2 {[%clk 0:00:13]} Qb3
{[%clk 0:00:05]} 32. Nc3 {[%clk 0:00:12]} e6 33. d6 1-0

[Event "Russian Blitz Team Championship (w)"]
[Site "Sochi"]
[Date "2022.10.17"]
[Round "10.9"]
[White "Gvanceladze, Anna"]
[Black "Voit, Daria"]
[Result "0-1"]
[BlackElo "2247"]
[WhiteElo "2038"]
[LiveChessVersion "1.4.8"]

1. d4 {[%clk 0:03:03]} Nf6 {[%clk 0:03:02]} 2. Nf3 {[%clk 0:03:04]} d5
{[%clk 0:03:03]} 3. c4 {[%clk 0:03:05]} e6 {[%clk 0:03:03]} 4. cxd5
{[%clk 0:03:05]} exd5 {[%clk 0:03:02]} 5. Nc3 {[%clk 0:03:06]} c6
{[%clk 0:03:01]} 6. Bg5 {[%clk 0:03:06]} Be7 {[%clk 0:02:55]} 7. e3
{[%clk 0:03:07]} Bf5 {[%clk 0:02:55]} 8. Bd3 {[%clk 0:03:00]} Bxd3
{[%clk 0:02:55]} 9. Qxd3 {[%clk 0:03:01]} Nbd7 {[%clk 0:02:56]} 10. O-O
{[%clk 0:03:01]} h6 {[%clk 0:02:57]} 11. Bf4 {[%clk 0:03:01]} O-O
{[%clk 0:02:54]} 12. Rab1 {[%clk 0:03:00]} a5 {[%clk 0:02:54]} 13. a3
{[%clk 0:03:01]} Re8 {[%clk 0:02:51]} 14. h3 {[%clk 0:03:01]} Ne4
{[%clk 0:02:49]} 15. Ne5 {[%clk 0:02:54]} Nxe5 {[%clk 0:02:40]} 16. Bxe5
{[%clk 0:02:53]} Nd6 {[%clk 0:02:38]} 17. Na4 {[%clk 0:02:46]} Nc4
{[%clk 0:02:32]} 18. Bf4 {[%clk 0:02:36]} Bd6 {[%clk 0:02:32]} 19. Bxd6
{[%clk 0:02:35]} Qxd6 {[%clk 0:02:31]} 20. Nc5 {[%clk 0:02:28]} Re7
{[%clk 0:02:32]} 21. Rfc1 {[%clk 0:02:14]} a4 {[%clk 0:01:43]} 22. Qc2
{[%clk 0:02:05]} b5 {[%clk 0:01:43]} 23. Nd3 {[%clk 0:01:50]} Re6
{[%clk 0:01:36]} 24. Nf4 {[%clk 0:01:39]} Re7 {[%clk 0:01:23]} 25. Nd3
{[%clk 0:01:39]} Rae8 {[%clk 0:01:20]} 26. Ne1 {[%clk 0:01:39]} Re6
{[%clk 0:01:19]} 27. Nf3 {[%clk 0:01:39]} Rg6 {[%clk 0:01:18]} 28. Qc3
{[%clk 0:01:11]} Qf6 {[%clk 0:01:12]} 29. Kf1 {[%clk 0:01:06]} Qe6
{[%clk 0:00:43]} 30. Rc2 {[%clk 0:01:07]} Qe4 {[%clk 0:00:41]} 31. Rbc1
{[%clk 0:01:05]} Ree6 {[%clk 0:00:41]} 32. Rd1 {[%clk 0:00:13]} Ref6
{[%clk 0:00:34]} 33. Ne1 {[%clk 0:00:05]} Nxe3+ {[%clk 0:00:32]} 0-1

[Event "Russian Blitz Team Championship (w)"]
[Site "Sochi"]
[Date "2022.10.17"]
[Round "10.10"]
[White "Bivol, Alina"]
[Black "Miroshnik, Ekaterina"]
[Result "1-0"]
[BlackElo "2011"]
[WhiteElo "2264"]
[LiveChessVersion "1.4.8"]

1. e4 {[%clk 0:03:02]} e6 {[%clk 0:03:03]} 2. d4 {[%clk 0:03:00]} d5
{[%clk 0:03:04]} 3. Bd3 {[%clk 0:03:01]} dxe4 {[%clk 0:02:57]} 4. Bxe4
{[%clk 0:03:01]} Nf6 {[%clk 0:02:59]} 5. Bf3 {[%clk 0:03:03]} c5 {[%clk 0:02:53]}
6. Ne2 {[%clk 0:03:03]} Be7 {[%clk 0:02:51]} 7. Nbc3 {[%clk 0:02:56]} Nc6
{[%clk 0:02:20]} 8. Be3 {[%clk 0:02:57]} cxd4 {[%clk 0:02:11]} 9. Nxd4
{[%clk 0:02:58]} Nxd4 {[%clk 0:01:49]} 10. Qxd4 {[%clk 0:02:51]} Qxd4
{[%clk 0:01:48]} 11. Bxd4 {[%clk 0:02:52]} O-O {[%clk 0:01:25]} 12. O-O-O
{[%clk 0:02:50]} Nd7 {[%clk 0:00:44]} 13. Nb5 {[%clk 0:02:15]} Bc5
{[%clk 0:00:21]} 14. Bxc5 {[%clk 0:02:14]} Nxc5 {[%clk 0:00:22]} 15. b4
{[%clk 0:02:12]} Na4 {[%clk 0:00:15]} 16. Rd3 {[%clk 0:01:57]} a6
{[%clk 0:00:13]} 17. Nd6 {[%clk 0:01:53]} Rb8 {[%clk 0:00:13]} 18. c4
{[%clk 0:01:47]} e5 {[%clk 0:00:11]} 19. c5 {[%clk 0:01:41]} Be6 {[%clk 0:00:06]}
20. Bxb7 {[%clk 0:01:32]} a5 {[%clk 0:00:07]} 21. c6 {[%clk 0:01:30]} axb4
{[%clk 0:00:05]} 22. c7 {[%clk 0:01:30]} Ra8 {[%clk 0:00:04]} 23. Bxa8
{[%clk 0:01:30]} Rxa8 {[%clk 0:00:05]} 24. Nb5 {[%clk 0:01:17]} Nb6
{[%clk 0:00:04]} 25. Rd8+ {[%clk 0:01:17]} 1-0

[Event "Russian Blitz Team Championship (w)"]
[Site "Sochi"]
[Date "2022.10.17"]
[Round "10.11"]
[White "Petrova, Elizaveta"]
[Black "Kovalevskaya, Ekaterina"]
[Result "1/2-1/2"]
[BlackElo "2254"]
[WhiteElo "1922"]
[LiveChessVersion "1.4.8"]

1. d4 {[%clk 0:03:04]} d5 {[%clk 0:03:01]} 2. Nf3 {[%clk 0:03:05]} e6
{[%clk 0:02:59]} 3. Bf4 {[%clk 0:03:06]} Bd6 {[%clk 0:02:49]} 4. Bg3
{[%clk 0:03:04]} Nf6 {[%clk 0:02:45]} 5. e3 {[%clk 0:03:05]} O-O {[%clk 0:02:40]}
6. Bd3 {[%clk 0:03:06]} c5 {[%clk 0:02:40]} 7. c3 {[%clk 0:03:08]} Nc6
{[%clk 0:02:39]} 8. O-O {[%clk 0:03:08]} Qe7 {[%clk 0:02:39]} 9. Ne5
{[%clk 0:03:05]} cxd4 {[%clk 0:01:56]} 10. exd4 {[%clk 0:03:06]} Ne4
{[%clk 0:01:50]} 11. Nxc6 {[%clk 0:02:49]} bxc6 {[%clk 0:01:49]} 12. Bxd6
{[%clk 0:02:44]} Nxd6 13. Nd2 Rb8 {[%clk 0:01:37]} 14. Rb1 {[%clk 0:02:41]} e5
{[%clk 0:01:19]} 15. dxe5 {[%clk 0:02:36]} Qxe5 {[%clk 0:01:19]} 16. Nf3
{[%clk 0:02:34]} Qf6 {[%clk 0:01:16]} 17. Qc2 {[%clk 0:02:26]} g6
{[%clk 0:01:14]} 18. Rfe1 {[%clk 0:02:25]} Bd7 {[%clk 0:01:12]} 19. Ne5
{[%clk 0:02:24]} Rbd8 {[%clk 0:00:58]} 20. Qa4 {[%clk 0:02:15]} Nc8
{[%clk 0:00:44]} 21. Re2 {[%clk 0:01:43]} Qd6 {[%clk 0:00:33]} 22. Rbe1
{[%clk 0:01:40]} c5 {[%clk 0:00:33]} 23. Nxd7 {[%clk 0:01:37]} Qxd7
{[%clk 0:00:33]} 24. Qh4 {[%clk 0:01:29]} Rfe8 {[%clk 0:00:28]} 25. Qg5
{[%clk 0:01:26]} Rxe2 {[%clk 0:00:21]} 26. Rxe2 {[%clk 0:01:27]} Qd6
{[%clk 0:00:17]} 27. h4 {[%clk 0:01:25]} Kg7 {[%clk 0:00:18]} 28. h5
{[%clk 0:01:26]} h6 {[%clk 0:00:19]} 29. Qg4 {[%clk 0:01:26]} Ne7
{[%clk 0:00:18]} 30. hxg6 {[%clk 0:01:26]} Nxg6 {[%clk 0:00:19]} 31. g3
{[%clk 0:01:07]} Qf6 {[%clk 0:00:16]} 32. f4 {[%clk 0:01:00]} Kh8
{[%clk 0:00:14]} 33. Qh5 {[%clk 0:01:00]} Kg7 {[%clk 0:00:14]} 34. Qg4
{[%clk 0:00:57]} Kh8 {[%clk 0:00:15]} 35. Rh2 {[%clk 0:00:59]} Qg7
{[%clk 0:00:14]} 36. Qh5 {[%clk 0:00:55]} Kg8 {[%clk 0:00:12]} 37. Qxh6
{[%clk 0:00:55]} Qxh6 {[%clk 0:00:13]} 38. Rxh6 {[%clk 0:00:56]} Kg7
{[%clk 0:00:14]} 39. Rh2 {[%clk 0:00:57]} d4 {[%clk 0:00:15]} 40. cxd4
{[%clk 0:00:54]} Rxd4 {[%clk 0:00:16]} 41. Bf5 {[%clk 0:00:50]} Ne7
{[%clk 0:00:17]} 42. Bg4 {[%clk 0:00:43]} Nd5 {[%clk 0:00:18]} 43. Re2
{[%clk 0:00:40]} Rd3 {[%clk 0:00:17]} 44. Kf2 {[%clk 0:00:40]} Nb4
{[%clk 0:00:17]} 45. a3 {[%clk 0:00:41]} Nc6 {[%clk 0:00:18]} 46. Bf5
{[%clk 0:00:40]} Rb3 {[%clk 0:00:18]} 47. Rd2 {[%clk 0:00:30]} Nd4
{[%clk 0:00:19]} 48. Be4 {[%clk 0:00:30]} f5 {[%clk 0:00:20]} 49. Bd5
{[%clk 0:00:31]} Rb8 {[%clk 0:00:19]} 50. b4 {[%clk 0:00:32]} Rd8
{[%clk 0:00:20]} 51. Ba2 {[%clk 0:00:26]} cxb4 {[%clk 0:00:19]} 52. axb4
{[%clk 0:00:27]} Nc6 {[%clk 0:00:19]} 53. Rxd8 Nxd8 {[%clk 0:00:21]} 54. Ke3
{[%clk 0:00:29]} Nc6 {[%clk 0:00:17]} 55. b5 {[%clk 0:00:28]} Ne7
{[%clk 0:00:09]} 56. Kd4 {[%clk 0:00:28]} Kf6 {[%clk 0:00:10]} 57. Bd5
{[%clk 0:00:25]} Nc8 {[%clk 0:00:10]} 58. Kc5 {[%clk 0:00:21]} Ke7
{[%clk 0:00:10]} 59. Kc6 {[%clk 0:00:19]} Nd6 {[%clk 0:00:12]} 60. Bf3
{[%clk 0:00:16]} Ke6 {[%clk 0:00:09]} 61. Be2 {[%clk 0:00:10]} Ke7
{[%clk 0:00:09]} 62. Kb7 {[%clk 0:00:09]} 1/2-1/2

[Event "Russian Blitz Team Championship (w)"]
[Site "Sochi"]
[Date "2022.10.17"]
[Round "10.12"]
[White "Borisova, Ekaterina"]
[Black "Fedorova, Olesya"]
[Result "0-1"]
[BlackElo "1768"]
[WhiteElo "2134"]
[LiveChessVersion "1.4.8"]

1. d4 {[%clk 0:03:02]} Nf6 {[%clk 0:03:03]} 2. c4 {[%clk 0:03:03]} b6
{[%clk 0:03:02]} 3. f3 {[%clk 0:03:04]} Bb7 {[%clk 0:02:53]} 4. e4
{[%clk 0:03:04]} d6 {[%clk 0:02:54]} 5. Nc3 {[%clk 0:03:04]} Nbd7
{[%clk 0:02:52]} 6. Be3 {[%clk 0:03:05]} e6 {[%clk 0:02:39]} 7. Nge2
{[%clk 0:02:57]} c5 {[%clk 0:02:40]} 8. d5 {[%clk 0:02:57]} exd5 {[%clk 0:02:16]}
9. cxd5 {[%clk 0:02:57]} Be7 {[%clk 0:02:13]} 10. Ng3 {[%clk 0:02:58]} O-O
{[%clk 0:02:10]} 11. Be2 {[%clk 0:02:58]} Re8 {[%clk 0:02:09]} 12. O-O
{[%clk 0:02:58]} a6 {[%clk 0:02:04]} 13. a4 {[%clk 0:02:59]} Bf8 {[%clk 0:02:04]}
14. Qd2 {[%clk 0:03:00]} Qc7 {[%clk 0:01:52]} 15. Rac1 {[%clk 0:02:59]} Ne5
{[%clk 0:01:23]} 16. h3 {[%clk 0:02:56]} Ng6 {[%clk 0:00:53]} 17. Rfe1
{[%clk 0:02:31]} Bc8 {[%clk 0:00:46]} 18. b4 {[%clk 0:02:24]} Bd7
{[%clk 0:00:40]} 19. bxc5 {[%clk 0:02:25]} bxc5 {[%clk 0:00:39]} 20. f4
{[%clk 0:02:11]} Qa5 {[%clk 0:00:32]} 21. Bf3 {[%clk 0:01:56]} Rab8
{[%clk 0:00:23]} 22. Rb1 {[%clk 0:01:50]} Nh4 {[%clk 0:00:24]} 23. Kh2
{[%clk 0:01:51]} Nxf3+ {[%clk 0:00:19]} 24. gxf3 {[%clk 0:01:52]} Rxb1
{[%clk 0:00:10]} 25. Rxb1 {[%clk 0:01:53]} Qc7 {[%clk 0:00:09]} 26. Nge2
{[%clk 0:01:50]} Rb8 {[%clk 0:00:10]} 27. Rxb8 {[%clk 0:01:41]} Qxb8
{[%clk 0:00:11]} 28. f5 {[%clk 0:01:41]} Qb4 {[%clk 0:00:07]} 29. Qd3
{[%clk 0:01:30]} Bxa4 {[%clk 0:00:06]} 30. Qxa6 {[%clk 0:01:29]} Bd7
{[%clk 0:00:07]} 31. Bf4 {[%clk 0:01:20]} Qb8 {[%clk 0:00:08]} 32. Kg2
{[%clk 0:01:15]} Nh5 {[%clk 0:00:08]} 33. Bh2 {[%clk 0:01:16]} Be7
{[%clk 0:00:06]} 34. Qa2 {[%clk 0:00:39]} h6 {[%clk 0:00:08]} 35. Qb1
{[%clk 0:00:36]} Qxb1 {[%clk 0:00:08]} 36. Nxb1 {[%clk 0:00:38]} Nf6
{[%clk 0:00:07]} 37. Nd2 {[%clk 0:00:38]} Ne8 {[%clk 0:00:08]} 38. Nc4
{[%clk 0:00:39]} f6 {[%clk 0:00:08]} 39. Nf4 {[%clk 0:00:37]} Bb5
{[%clk 0:00:08]} 40. Na3 {[%clk 0:00:36]} Ba6 {[%clk 0:00:09]} 41. Ne6
{[%clk 0:00:36]} Kf7 {[%clk 0:00:10]} 42. Kf2 {[%clk 0:00:36]} Bd3
{[%clk 0:00:08]} 43. Ke3 {[%clk 0:00:36]} Bf1 {[%clk 0:00:09]} 44. h4
{[%clk 0:00:37]} Ba6 {[%clk 0:00:05]} 45. Bg3 {[%clk 0:00:38]} Bf1
{[%clk 0:00:06]} 46. Be1 {[%clk 0:00:39]} Ba6 {[%clk 0:00:06]} 47. Ba5
{[%clk 0:00:40]} g6 {[%clk 0:00:04]} 48. fxg6+ Kxg6 {[%clk 0:00:05]} 49. Nf4+
{[%clk 0:00:31]} Kf7 {[%clk 0:00:07]} 50. Nb1 {[%clk 0:00:27]} f5
{[%clk 0:00:08]} 51. Nc3 {[%clk 0:00:24]} fxe4 {[%clk 0:00:07]} 52. Nxe4
{[%clk 0:00:24]} Bxh4 {[%clk 0:00:08]} 53. Ne6 {[%clk 0:00:19]} Be7
{[%clk 0:00:08]} 54. f4 {[%clk 0:00:17]} Ng7 {[%clk 0:00:06]} 55. Nd8+
{[%clk 0:00:12]} Ke8 {[%clk 0:00:05]} 56. Nc6 {[%clk 0:00:12]} Bc4
{[%clk 0:00:05]} 57. Nc3 {[%clk 0:00:05]} Kd7 {[%clk 0:00:06]} 58. Ke4
{[%clk 0:00:05]} Bb3 {[%clk 0:00:07]} 59. Nxe7 {[%clk 0:00:03]} Kxe7
{[%clk 0:00:08]} 60. f5 {[%clk 0:00:04]} Bc2+ {[%clk 0:00:09]} 61. Kf4
{[%clk 0:00:05]} Bxf5 {[%clk 0:00:08]} 62. Bc7 {[%clk 0:00:05]} Bh3
{[%clk 0:00:07]} 63. Nb5 {[%clk 0:00:06]} Ne8 {[%clk 0:00:08]} 64. Bb8
{[%clk 0:00:06]} Bg2 {[%clk 0:00:09]} 65. Nc3 {[%clk 0:00:06]} Nf6
{[%clk 0:00:09]} 66. Nb5 {[%clk 0:00:06]} Nxd5+ {[%clk 0:00:08]} 67. Kg3
{[%clk 0:00:08]} Bf1 {[%clk 0:00:08]} 68. Bxd6+ {[%clk 0:00:07]} Kd7
{[%clk 0:00:09]} 69. Bxc5 {[%clk 0:00:07]} Bxb5 {[%clk 0:00:09]} 70. Bf8
{[%clk 0:00:07]} h5 {[%clk 0:00:10]} 71. Kh4 {[%clk 0:00:07]} Be2
{[%clk 0:00:10]} 72. Bh6 {[%clk 0:00:08]} Ke6 {[%clk 0:00:11]} 73. Bc1
{[%clk 0:00:06]} Kf5 {[%clk 0:00:12]} 74. Bd2 {[%clk 0:00:05]} Ne7
{[%clk 0:00:10]} 75. Bc1 {[%clk 0:00:05]} Ng6+ {[%clk 0:00:11]} 76. Kh3
{[%clk 0:00:07]} Bg4+ {[%clk 0:00:10]} 77. Kg3 {[%clk 0:00:07]} h4+
{[%clk 0:00:12]} 78. Kh2 {[%clk 0:00:09]} Ke4 {[%clk 0:00:07]} 79. Bg5
{[%clk 0:00:07]} h3 {[%clk 0:00:08]} 80. Kg3 {[%clk 0:00:08]} Bc8
{[%clk 0:00:08]} 81. Bc1 {[%clk 0:00:09]} Nf8 {[%clk 0:00:06]} 82. Bd2
{[%clk 0:00:09]} Nh7 {[%clk 0:00:07]} 83. Bc1 {[%clk 0:00:09]} Nf6
{[%clk 0:00:08]} 84. Bb2 {[%clk 0:00:06]} Nh5+ {[%clk 0:00:09]} 85. Kh2
{[%clk 0:00:07]} Kf3 {[%clk 0:00:10]} 86. Be5 {[%clk 0:00:08]} Nf4
{[%clk 0:00:06]} 87. Bd6 {[%clk 0:00:07]} Ne2 {[%clk 0:00:06]} 88. Bc7
{[%clk 0:00:05]} Nc3 {[%clk 0:00:07]} 89. Bd6 {[%clk 0:00:05]} Ne4
{[%clk 0:00:08]} 90. Bb8 {[%clk 0:00:04]} Nf6 {[%clk 0:00:09]} 91. Bc7
{[%clk 0:00:05]} Ne4 {[%clk 0:00:08]} 92. Bb8 {[%clk 0:00:06]} Nd2
{[%clk 0:00:09]} 93. Bc7 {[%clk 0:00:06]} Nf1+ {[%clk 0:00:09]} 94. Kg1
{[%clk 0:00:04]} Ne3 {[%clk 0:00:08]} 95. Kh2 {[%clk 0:00:06]} Kg4
{[%clk 0:00:09]} 96. Bb8 {[%clk 0:00:05]} Bb7 {[%clk 0:00:08]} 97. Bc7
{[%clk 0:00:05]} Nd5 {[%clk 0:00:07]} 98. Bb8 {[%clk 0:00:06]} Nf6
{[%clk 0:00:07]} 99. Bc7 {[%clk 0:00:05]} Nh7 {[%clk 0:00:08]} 100. Bd8 0-1

[Event "Russian Blitz Team Championship (w)"]
[Site "Sochi"]
[Date "2022.10.17"]
[Round "11.1"]
[White "Pogonina, Natalija"]
[Black "Styazhkina, Anna"]
[Result "1-0"]
[BlackElo "2121"]
[WhiteElo "2332"]
[LiveChessVersion "1.4.8"]

1. d4 {[%clk 0:03:02]} d5 {[%clk 0:03:03]} 2. Nf3 {[%clk 0:03:02]} Nf6
{[%clk 0:03:03]} 3. g3 {[%clk 0:03:02]} c6 {[%clk 0:02:52]} 4. Bg2
{[%clk 0:03:01]} Bg4 {[%clk 0:02:50]} 5. O-O {[%clk 0:02:54]} e6 {[%clk 0:02:48]}
6. Nc3 {[%clk 0:02:39]} Nbd7 {[%clk 0:02:46]} 7. a3 {[%clk 0:02:33]} Bd6
{[%clk 0:02:39]} 8. Re1 {[%clk 0:02:26]} O-O {[%clk 0:02:39]} 9. h3
{[%clk 0:02:21]} Bh5 {[%clk 0:02:38]} 10. e4 {[%clk 0:02:12]} dxe4
{[%clk 0:02:28]} 11. Nxe4 {[%clk 0:02:12]} Nxe4 {[%clk 0:02:28]} 12. Rxe4
{[%clk 0:02:12]} Nf6 {[%clk 0:02:25]} 13. Re1 {[%clk 0:02:10]} Qc7
{[%clk 0:02:24]} 14. Bg5 {[%clk 0:01:59]} Nd7 {[%clk 0:02:11]} 15. c4
{[%clk 0:01:32]} h6 {[%clk 0:02:11]} 16. Be3 {[%clk 0:01:29]} Rfe8
{[%clk 0:02:04]} 17. Rc1 {[%clk 0:01:26]} Nf6 {[%clk 0:01:49]} 18. Qc2
{[%clk 0:01:21]} Bg6 {[%clk 0:01:42]} 19. Qb3 {[%clk 0:01:14]} Rad8
{[%clk 0:01:42]} 20. c5 {[%clk 0:01:07]} Bf8 {[%clk 0:01:43]} 21. Bf4
{[%clk 0:01:07]} Qc8 {[%clk 0:01:43]} 22. Qa4 {[%clk 0:01:04]} Nd5
{[%clk 0:01:30]} 23. Bd2 {[%clk 0:01:01]} a6 {[%clk 0:01:17]} 24. Ne5
{[%clk 0:01:00]} Bf5 {[%clk 0:01:01]} 25. Nc4 {[%clk 0:00:55]} Bd3
{[%clk 0:00:55]} 26. Ne5 {[%clk 0:00:49]} Bf5 {[%clk 0:00:45]} 27. Rcd1
{[%clk 0:00:49]} f6 {[%clk 0:00:38]} 28. Nc4 {[%clk 0:00:49]} e5 {[%clk 0:00:36]}
29. Ba5 {[%clk 0:00:37]} Rd7 {[%clk 0:00:18]} 30. Bxd5+ {[%clk 0:00:35]} Rxd5
{[%clk 0:00:17]} 31. Nb6 {[%clk 0:00:36]} Qe6 {[%clk 0:00:15]} 32. Nxd5
{[%clk 0:00:34]} cxd5 {[%clk 0:00:15]} 33. dxe5 {[%clk 0:00:32]} fxe5
{[%clk 0:00:17]} 34. Qb3 {[%clk 0:00:26]} Be4 {[%clk 0:00:12]} 35. Kh2
{[%clk 0:00:20]} Bxc5 {[%clk 0:00:13]} 36. Rd2 {[%clk 0:00:18]} Kh8
{[%clk 0:00:13]} 37. Bb4 {[%clk 0:00:19]} Bd4 {[%clk 0:00:12]} 38. Bc3
{[%clk 0:00:20]} Ba7 {[%clk 0:00:11]} 39. Qxb7 {[%clk 0:00:16]} Re7
{[%clk 0:00:11]} 40. Qb3 {[%clk 0:00:15]} Qf5 {[%clk 0:00:11]} 41. Rxe4
{[%clk 0:00:10]} dxe4 {[%clk 0:00:11]} 42. Kg2 {[%clk 0:00:10]} Qf3+
{[%clk 0:00:12]} 43. Kh2 {[%clk 0:00:10]} Bxf2 {[%clk 0:00:12]} 44. Qb8+
{[%clk 0:00:08]} Kh7 {[%clk 0:00:12]} 45. Bxe5 {[%clk 0:00:08]} Be3
{[%clk 0:00:09]} 46. Rg2 {[%clk 0:00:08]} Rd7 {[%clk 0:00:10]} 47. Qe8
{[%clk 0:00:05]} Rd1 {[%clk 0:00:05]} 48. Qe7 {[%clk 0:00:04]} Bg1+
{[%clk 0:00:03]} 49. Rxg1 {[%clk 0:00:05]} 1-0

[Event "Russian Blitz Team Championship (w)"]
[Site "Sochi"]
[Date "2022.10.17"]
[Round "11.2"]
[White "Karmanova, Olga Dm."]
[Black "Girya, Olga"]
[Result "0-1"]
[BlackElo "2298"]
[WhiteElo "2096"]
[LiveChessVersion "1.4.8"]

1. d4 {[%clk 0:03:02]} Nf6 {[%clk 0:03:03]} 2. c4 {[%clk 0:03:03]} e6
{[%clk 0:03:04]} 3. g3 {[%clk 0:03:04]} d5 {[%clk 0:03:05]} 4. Bg2
{[%clk 0:03:05]} Be7 {[%clk 0:03:06]} 5. Nf3 {[%clk 0:03:06]} O-O
{[%clk 0:03:07]} 6. O-O {[%clk 0:03:06]} dxc4 {[%clk 0:03:08]} 7. Qa4
{[%clk 0:03:07]} a6 {[%clk 0:03:03]} 8. Qxc4 {[%clk 0:03:07]} b5 {[%clk 0:03:04]}
9. Qc2 {[%clk 0:03:07]} Bb7 {[%clk 0:03:06]} 10. Bf4 {[%clk 0:03:07]} Nc6
{[%clk 0:03:04]} 11. Rd1 {[%clk 0:03:04]} Nb4 {[%clk 0:03:01]} 12. Qc1
{[%clk 0:03:00]} Nbd5 {[%clk 0:02:59]} 13. Nc3 {[%clk 0:02:58]} Nxf4
{[%clk 0:02:41]} 14. gxf4 {[%clk 0:02:55]} Qc8 {[%clk 0:02:39]} 15. f5
{[%clk 0:02:32]} exf5 {[%clk 0:02:34]} 16. Ne5 {[%clk 0:02:14]} Bxg2
{[%clk 0:02:33]} 17. Kxg2 {[%clk 0:02:14]} c5 {[%clk 0:02:25]} 18. d5
{[%clk 0:02:12]} Bd6 {[%clk 0:02:26]} 19. Nf3 {[%clk 0:01:59]} Re8
{[%clk 0:02:20]} 20. Qc2 {[%clk 0:01:53]} Ne4 {[%clk 0:02:05]} 21. e3
{[%clk 0:01:47]} Qc7 {[%clk 0:02:05]} 22. Ne2 {[%clk 0:01:39]} Rad8
{[%clk 0:01:58]} 23. Ng3 {[%clk 0:01:39]} g6 {[%clk 0:01:39]} 24. Rac1
{[%clk 0:01:39]} Rd7 {[%clk 0:01:34]} 25. a3 {[%clk 0:01:35]} Bxg3
{[%clk 0:01:25]} 26. hxg3 {[%clk 0:01:21]} Red8 {[%clk 0:01:22]} 27. b4
{[%clk 0:01:05]} Rxd5 {[%clk 0:01:18]} 28. Nd4 {[%clk 0:01:00]} Qb7
{[%clk 0:01:03]} 29. Nf3 {[%clk 0:00:48]} cxb4 {[%clk 0:00:40]} 30. axb4
{[%clk 0:00:47]} Ng5 {[%clk 0:00:37]} 31. Rxd5 {[%clk 0:00:40]} Qxd5
{[%clk 0:00:37]} 32. Qe2 {[%clk 0:00:35]} Qe4 {[%clk 0:00:37]} 33. Rc5
{[%clk 0:00:25]} Qxb4 {[%clk 0:00:24]} 34. Re5 {[%clk 0:00:22]} Qd6
{[%clk 0:00:21]} 35. Rxf5 {[%clk 0:00:09]} gxf5 {[%clk 0:00:21]} 36. Nxg5
{[%clk 0:00:10]} h6 {[%clk 0:00:19]} 37. Nf3 {[%clk 0:00:09]} b4 {[%clk 0:00:18]}
38. Nd4 {[%clk 0:00:06]} b3 {[%clk 0:00:17]} 39. Kh2 {[%clk 0:00:04]} Qd5
{[%clk 0:00:16]} 40. Qh5 {[%clk 0:00:03]} b2 {[%clk 0:00:07]} 41. Qxh6
{[%clk 0:00:04]} b1=Q {[%clk 0:00:04]} 42. Qg5+ {[%clk 0:00:05]} Kf8
{[%clk 0:00:05]} 43. Qh6+ {[%clk 0:00:05]} Ke7 {[%clk 0:00:07]} 0-1